| 000 | 00489nam a22001817a 4500 | ||
|---|---|---|---|
| 003 | MPLRDC | ||
| 005 | 20220104144034.0 | ||
| 008 | 210129b ||||| |||| 00| 0 eng d | ||
| 082 | _a177.2 DEL | ||
| 100 | _aSTEPHEN A. STUMPF, JOEL R. DELUCA著 | ||
| 245 |
_a浸在水里的葡萄乾不会变成葡萄 _c徐静琦译 |
||
| 250 | _a初版 | ||
| 260 |
_a _b海鸽文化 _c2000 |
||
| 300 | _b平 | ||
| 490 | _aYOUTH. 01 | ||
| 650 | _a应用心理学--成功法 | ||
| 942 |
_cBK _o177.2 DEL |
||
| 999 |
_c45779 _d45769 |
||